EL AÑO LITURGICO

Salvato in:
Dettagli Bibliografici
Autore principale: Parsch, Pius (autor)
Natura: Libro
Tags: Aggiungi Tag
Nessun Tag, puoi essere il primo ad aggiungerne!!

MARC

LEADER 00000nam^a2200000^a^4500
001 000210151
005 20250521000000.0
009 20260310103342.869
035 |a 004239 
037 |a Acervo Xavier Clavigero 
082 |a 255.  |b PAR 
100 |a Parsch, Pius  |e (autor) 
245 1 3 |a EL AÑO LITURGICO 
264 |a BARCELONA :  |b HERDER,  |c 1964 
336 |a texto  |b txt  |2 rdacontenido 
337 |a sin mediación  |b n  |2 rdamedio 
338 |a volumen  |b nc  |2 rdasoporte 
649 |a XX 
910 |a Fondo General 
920 |a Impresos - Libros 
930 |a Colección General 
905 |a 101 
901 |a 004239  |b IT1  |c ACC  |i 004239  |u 20250521 
901 |a 004240  |b IT1  |c ACC  |i 004240  |u 20250521 
902 |a https://opac.biblio.iteso.mx/vufind/Record/000210151